[Event "WALTON 40th BAN-ch U20 Open 2022"]
[Site "Dhaka"]
[Date "2022.02.19"]
[Round "5.7"]
[White "Siam, Chowdhury"]
[Black "Mortuza Mahathir, Islam"]
[Result "0-1"]
[WhiteElo "1421"]
[BlackElo "1877"]
[Annotator "NA"]
[PlyCount "108"]
[EventDate "2022.02.15"]
[EventType "swiss"]
[EventCountry "BAN"]
[SourceTitle "playchess.com"]
[Source "ChessBase"]
[SourceQuality "1"]
[TimeControl "5400+30"]

{[%evp 8,100,12,7,8,4,6,2,2,0,0,10,12,-18,0,-17,-2,-5,-22,-11,0,-16,-21,-31,-33,-52,-42,-65,-70,-62,-69,-162,-39,-139,-160,-154,-172,-167,-202,-232,-216,-223,-185,-176,-183,-216,-197,-171,-185,-181,-155,-139,0,-767,-106,-109,-41,-120,-118,-204,-101,-225,-247,32767,32767,-328,-295,-316,-216,-264,-254,-281,-311,-317,-338,-395,-388,-5597,-474,-629,-579,-571,-694,-853,-804,-633,-751,-1046,-677,-642,-652,-729,-786,-766,-1099]} 1. e4 {[%emt 0:00:40]} c5 {[%emt 0:00:11]} 2. Nc3 {[%emt 0:00:04]} Nc6 {[%emt 0:00:05]} 3. g3 {[%emt 0:00:13]} g6 {[%emt 0:00:06]} 4. Bg2 {[%emt 0:00:08]} Bg7 {[%emt 0:00:07]} 5. d3 {[%emt 0:00:26]} d6 {[%emt 0:00:07]} 6. Be3 {[%emt 0:00:03]} Rb8 {[%emt 0:00:06]} 7. Nge2 {[%emt 0:00:21]} b5 {[%emt 0:00:50]} 8. Qd2 {[%emt 0:01:46]} b4 {[%emt 0:00:55]} 9. Nd1 $1 {[%emt 0:00:26]} Nd4 {[%emt 0:01:14]} 10. O-O {[%emt 0:01:52]} e6 {[%emt 0:04:13]} 11. c3 {[%emt 0:10:07]} Nxe2+ {[%emt 0:00:40]} 12. Qxe2 {[%emt 0:00:12]} bxc3 {[%emt 0:00:06]} 13. bxc3 {[%emt 0:02:43]} Ba6 {[%emt 0:01:47]} 14. Qd2 {[%emt 0:21:33]} Ne7 {[%emt 0:01:42]} 15. f4 {[%emt 0:01:19]} O-O {[%emt 0:00:15]} 16. Nf2 {[%emt 0:12:58]} Qa5 {[%emt 0:02:00]} 17. Nd1 {[%emt 0:10:43]} d5 {[%emt 0:04:42]} 18. Rf2 {[%emt 0:12:41]} dxe4 {[%emt 0:01:09]} 19. Bxe4 {[%emt 0:00:03]} (19. dxe4 $17 {only move.} Rfd8 20. Qe1) 19... Nd5 {[%emt 0:00:29]} (19... Rfd8 $19 20. d4 Nf5 21. Bxf5 exf5) 20. Rc1 {[%emt 0:01:39]} ({White should try} 20. Bxd5 $15 exd5 21. d4) 20... Nxe3 {[%emt 0:00:34]} 21. Nxe3 {[%emt 0:02:49]} Rfd8 {[%emt 0:01:36]} 22. c4 {[%emt 0:04:46]} Qa3 {[%emt 0:01:41]} 23. Rd1 {[%emt 0:07:07]} (23. Qe1 $142) 23... Bd4 {[%emt 0:00:54]} 24. Kf1 {[%emt 0:01:24]} Bxe3 {[%emt 0:04:06]} 25. Qxe3 {[%emt 0:00:21] [#]} Bxc4 $1 {[%emt 0:01:11]} 26. Rdd2 {[%emt 0:06:08]} Rb1+ {[%emt 0:00:26]} 27. Kg2 {[%emt 0:00:08]} Bd5 {[%emt 0:00:50]} 28. Rfe2 $11 {[%emt 0:00:55]} Qc1 {[%emt 0:03:48]} 29. Qf2 {[%emt 0:00:50]} Qa3 {[%emt 0:07:59]} ({Black should try} 29... Qc3 $17 30. Kh3 Qa5 31. Bxd5 Rxd5) 30. Rc2 $2 {[%emt 0:00:11]} Bxe4+ $2 {[%emt 0:00:43]} (30... Qxd3 $1 $19 {is more deadly.} 31. Qf3 Bxe4 32. Qxe4 Qd1) 31. dxe4 {[%emt 0:01:24]} Rd4 {[%emt 0:00:27]} (31... Rc1 $17 32. Rxc1 Qxc1) 32. Red2 {[%emt 0:00:00]} (32. f5 $1 $15) 32... Qb4 {[%emt 0:02:54]} 33. Re2 {[%emt 0:00:13]} (33. Kh3 $17) 33... a5 {[%emt 0:00:57]} (33... Rxe4 $19 34. Kh3 Rxe2 35. Qxe2 Qd4) 34. Re3 {[%emt 0:00:32]} (34. f5 $17 {was worth a try.} Rxe4 35. fxe6 Rxe6 36. Rxe6 Qb7+ 37. Kh3) 34... Rxe4 {[%emt 0:01:24]} 35. Rxe4 {[%emt 0:00:34]} Qxe4+ {[%emt 0:00:06]} 36. Kh3 {[%emt 0:00:18]} Qd4 {[%emt 0:01:45]} 37. Qf3 {[%emt 0:00:45]} Rb8 {[%emt 0:02:38]} 38. Qa3 {[%emt 0:00:18]} Qb4 {[%emt 0:00:35]} 39. Qe3 {[%emt 0:00:08]} c4 {[%emt 0:05:46]} 40. Qd4 {[%emt 0:00:41]} Rc8 {[%emt 0:00:41]} 41. Qd7 {[%emt 0:00:11]} Qc5 {[%emt 0:00:07]} 42. Rc3 $2 {[%emt 0:00:42]} (42. Qd2) 42... h5 {[%emt 0:00:39]} (42... Qh5+ $142 43. Kg2 Qe2+ 44. Kh3 Rb8) 43. Qd2 {[%emt 0:00:36]} Qf5+ {[%emt 0:00:14]} 44. Kg2 {[%emt 0:00:04]} Qd5+ {[%emt 0:00:09]} 45. Qxd5 {[%emt 0:00:06]} exd5 {[%emt 0:00:04]} 46. Kf3 {[%emt 0:00:19]} d4 {[%emt 0:00:11]} 47. Rc1 {[%emt 0:00:14]} f5 {[%emt 0:00:11]} 48. Ke2 {[%emt 0:00:30]} Kf7 {[%emt 0:00:07]} 49. Kd2 {[%emt 0:00:04]} Ke6 {[%emt 0:00:03]} 50. Re1+ $19 {[%emt 0:00:10]} Kd6 {[%emt 0:00:04]} 51. Re5 {[%emt 0:01:14]} c3+ {[%emt 0:00:17]} 52. Kc2 {[%emt 0:00:23]} d3+ {[%emt 0:00:12]} 53. Kc1 {[%emt 0:00:29]} c2 {[%emt 0:00:05]} 54. Rb5 {[%emt 0:00:06]} d2+ {[%emt 0:00:06]} 0-1

[Event "WALTON 40th BAN-ch U20 Open 2022"]
[Site "Dhaka"]
[Date "2022.02.19"]
[Round "5.8"]
[White "Sajidul, Haque"]
[Black "Kazi Afsan Rawnak, Anan"]
[Result "0-1"]
[WhiteElo "1766"]
[BlackElo "1524"]
[Annotator "NA"]
[PlyCount "88"]
[EventDate "2022.02.15"]
[EventType "swiss"]
[EventCountry "BAN"]
[SourceTitle "playchess.com"]
[Source "ChessBase"]
[SourceQuality "1"]
[TimeControl "5400+30"]

1. e4 {[%emt 0:00:50]} c5 {[%emt 0:00:09]} 2. Nf3 {[%emt 0:00:34]} d6 {[%emt 0:00:08]} 3. d4 {[%emt 0:00:04]} cxd4 {[%emt 0:00:06]} 4. Nxd4 {[%emt 0:00:08]} Nf6 {[%emt 0:00:06]} 5. Nc3 {[%emt 0:00:22]} a6 {[%emt 0:00:10]} 6. Be2 {[%emt 0:02:17]} e5 {[%emt 0:00:45]} 7. Nb3 {[%emt 0:00:18]} Be7 {[%emt 0:00:30]} 8. Bg5 {[%emt 0:02:30]} Be6 {[%emt 0:00:49]} 9. Bxf6 {[%emt 0:00:29]} Bxf6 {[%emt 0:00:10]} 10. Nd5 {[%emt 0:00:07]} Nd7 {[%emt 0:00:36]} 11. O-O {[%emt 0:02:17]} Bg5 {[%emt 0:03:59]} 12. Qd3 {[%emt 0:01:16]} Nb6 {[%emt 0:07:18]} 13. Rae1 {[%emt 0:11:28]} Nxd5 {[%emt 0:05:33]} 14. exd5 {[%emt 0:00:20]} Bd7 {[%emt 0:01:34]} 15. Nd2 {[%emt 0:01:41]} O-O {[%emt 0:08:17]} 16. c4 {[%emt 0:03:09]} f5 {[%emt 0:04:07]} 17. b4 {[%emt 0:04:09]} e4 {[%emt 0:08:05]} 18. Qd4 {[%emt 0:04:02]} Bxd2 {[%emt 0:05:58]} 19. Qxd2 {[%emt 0:00:02]} f4 {[%emt 0:00:29]} 20. Bd1 {[%emt 0:02:33]} f3 {[%emt 0:15:33]} 21. Rxe4 {[%emt 0:02:21]} Bf5 {[%emt 0:01:11]} 22. Rf4 {[%emt 0:04:11]} fxg2 {[%emt 0:03:45]} 23. Re1 {[%emt 0:00:37]} Qg5 {[%emt 0:02:07]} 24. Rd4 {[%emt 0:08:13]} Qf6 {[%emt 0:03:18]} 25. Ba4 {[%emt 0:06:12]} b5 {[%emt 0:02:18]} 26. Bb3 {[%emt 0:04:59]} bxc4 {[%emt 0:00:16]} 27. Bxc4 {[%emt 0:02:17]} Rf7 {[%emt 0:01:24]} 28. a4 {[%emt 0:04:42]} Bd7 {[%emt 0:04:33]} 29. b5 {[%emt 0:06:59]} axb5 {[%emt 0:00:17]} 30. axb5 {[%emt 0:00:39]} Rb8 {[%emt 0:01:13]} 31. Rb1 {[%emt 0:02:45]} Rbf8 {[%emt 0:01:06]} 32. b6 {[%emt 0:03:49]} Bc8 {[%emt 0:00:33]} 33. Rb2 {[%emt 0:02:49]} Qe5 {[%emt 0:02:20]} 34. Rh4 {[%emt 0:08:27]} Rxf2 {[%emt 0:02:36]} 35. Qxf2 {[%emt 0:00:26]} Rxf2 {[%emt 0:00:07]} 36. Rxf2 {[%emt 0:00:10]} g5 {[%emt 0:02:09]} 37. Rh6 {[%emt 0:04:56]} Qe1+ {[%emt 0:02:40]} 38. Kxg2 {[%emt 0:00:03]} Qe4+ {[%emt 0:00:14]} 39. Kg1 {[%emt 0:01:54]} Qxc4 {[%emt 0:00:56]} 40. Rxd6 {[%emt 0:02:46]} Bh3 {[%emt 0:03:46]} 41. Rdf6 {[%emt 0:02:36]} Qg4+ {[%emt 0:00:18]} 42. Kh1 {[%emt 0:00:15]} Qd1+ {[%emt 0:00:10]} 43. Rf1 {[%emt 0:00:37]} Bxf1 {[%emt 0:00:07]} 44. Kg1 {[%emt 0:00:38]} Bh3+ {[%emt 0:00:18]} 0-1

[Event "WALTON 40th BAN-ch U20 Open 2022"]
[Site "Dhaka"]
[Date "2022.02.20"]
[Round "6.1"]
[White "Manon, Reja Neer"]
[Black "Zia, Tahsin Tajwar"]
[Result "1/2-1/2"]
[WhiteElo "2209"]
[BlackElo "2283"]
[Annotator "RC"]
[PlyCount "73"]
[EventDate "2022.02.15"]
[EventType "swiss"]
[EventCountry "BAN"]
[SourceTitle "playchess.com"]
[Source "ChessBase"]
[SourceQuality "1"]
[TimeControl "5400+30"]

1. e4 {[%emt 0:01:21]} c5 {[%emt 0:00:46]} 2. Nf3 {[%emt 0:01:18]} d6 {[%emt 0:00:07]} 3. d4 {[%emt 0:00:03]} cxd4 {[%emt 0:00:04]} 4. Nxd4 {[%emt 0:00:06]} Nf6 {[%emt 0:00:04]} 5. Nc3 {[%emt 0:00:09]} g6 {[%emt 0:00:05]} 6. Be3 {[%emt 0:01:52]} Nc6 {[%emt 0:01:30]} 7. f3 {[%emt 0:01:10]} h5 {[%emt 0:01:37]} 8. Qd2 {[%emt 0:01:10]} Nxd4 {[%emt 0:00:07]} 9. Bxd4 {[%emt 0:04:37]} Bh6 {[%emt 0:00:06]} 10. Be3 {[%emt 0:10:55]} Bxe3 {[%emt 0:00:11]} 11. Qxe3 {[%emt 0:00:02]} Be6 {[%emt 0:00:20]} 12. Bd3 {[%emt 0:08:07]} Qa5 {[%emt 0:00:51]} 13. O-O {[%emt 0:00:27]} Rc8 {[%emt 0:01:01]} 14. Kh1 {[%emt 0:02:45]} Qc5 {[%emt 0:00:28]} 15. Qe2 {[%emt 0:02:53]} a6 {[%emt 0:00:01]} 16. a3 {[%emt 0:00:49]} h4 {[%emt 0:00:34]} 17. Qf2 {[%emt 0:02:42]} Nh5 {[%emt 0:08:21]} 18. Qxc5 {[%emt 0:05:46]} Rxc5 {[%emt 0:00:07]} 19. Rf2 {[%emt 0:04:00]} Nf4 {[%emt 0:03:21]} 20. Rd1 {[%emt 0:01:45]} g5 {[%emt 0:04:55]} 21. Rff1 {[%emt 0:08:57]} b5 {[%emt 0:01:39]} 22. Kg1 {[%emt 0:00:55]} Ng6 {[%emt 0:02:33]} 23. Rd2 {[%emt 0:02:14]} Ne5 {[%emt 0:02:18]} 24. Kf2 {[%emt 0:05:59]} h3 {[%emt 0:02:05]} 25. g4 {[%emt 0:00:43]} Kd7 {[%emt 0:02:08]} 26. Ke3 {[%emt 0:01:22]} Rb8 {[%emt 0:02:49]} 27. Ra1 {[%emt 0:03:20]} Bc4 {[%emt 0:01:41]} 28. Nd1 {[%emt 0:02:47]} Ng6 {[%emt 0:03:05]} 29. Nc3 {[%emt 0:08:08]} Rbc8 {[%emt 0:06:31]} 30. Ne2 {[%emt 0:02:40]} Ne5 {[%emt 0:12:14]} 31. Ng1 {[%emt 0:01:31]} Rh8 {[%emt 0:00:13]} 32. Ne2 {[%emt 0:01:44]} Be6 {[%emt 0:00:44]} 33. Nd4 {[%emt 0:02:13]} Bc4 {[%emt 0:03:45]} 34. Ne2 {[%emt 0:00:18]} e6 {[%emt 0:02:13]} 35. Rb1 {[%emt 0:02:56]} Ba2 {[%emt 0:08:33]} 36. Ra1 {[%emt 0:00:33]} Bc4 {[%emt 0:00:09]} 37. Rb1 {[%emt 0:00:18]} 1/2-1/2

[Event "WALTON 40th BAN-ch U20 Open 2022"]
[Site "Dhaka"]
[Date "2022.02.20"]
[Round "6.2"]
[White "Sakline Mostafa, Sajid"]
[Black "Subrota, Biswas"]
[Result "0-1"]
[WhiteElo "2089"]
[BlackElo "2202"]
[Annotator "TA"]
[PlyCount "86"]
[EventDate "2022.02.15"]
[EventType "swiss"]
[EventCountry "BAN"]
[SourceTitle "playchess.com"]
[Source "ChessBase"]
[SourceQuality "1"]

{[%evp 22,86,0,0,13,0,0,0,32,0,5,3,6,12,6,12,12,0,5,-18,-9,0,0,-29,-26,-62,-62,-62,-62,-50,-66,-64,-36,-36,-42,-515,0,0,0,0,0,0,0,0,0,0,0,0,0,0,0,0,0,0,0,0,0,0,0,0,0,-21,0,-497,-441,-29993,-29994]} 1. d4 Nf6 2. c4 e6 3. Nf3 c5 4. d5 d6 5. Nc3 exd5 6. cxd5 g6 7. e4 a6 8. a4 Bg4 9. h3 Bxf3 10. Qxf3 Bg7 11. Bc4 O-O 12. O-O Nbd7 {A70: Modern Benoni: 6 e4 g6 7 Nf3.} 13. Qe2 Re8 {[%cal Of6e4] [#]} 14. Qc2 $146 ({Predecessor:} 14. Bf4 Qe7 15. Rfe1 Ne5 16. a5 Nh5 17. Bd2 Qh4 18. Ra3 Nf4 19. Bxf4 Qxf4 20. Nd1 {0-1 (34) Solsona Manonelles,J (1838)-Mirzoev,A (2523) Torredembarra 2006}) 14... Qc7 {The position is equal.} 15. f4 Nb6 16. Be2 c4 17. a5 Nbd7 18. Ra4 b5 19. axb6 $1 Nxb6 20. Ra2 Nfd7 {[%cal Bf6d7,Bd7c5,Bc5d3][%mdl 32]} 21. Be3 Nc5 22. Bf3 (22. f5 {is more complex.} Bxc3 23. bxc3 Rxe4 24. Bd4 Rae8 25. Bf3) 22... Nd3 23. Rfa1 Bxc3 {Black is more active.} ({But not} 23... Nb4 24. Qf2 Rab8 25. Rxa6 Nxa6 26. Rxa6 $11) 24. Qxc3 {[#]} Nxd5 $1 25. exd5 Rxe3 26. Rxa6 Rxa6 (26... Rae8 $5 {[%cal Rc7c5]} 27. Ra8 Qb6 $15) 27. Rxa6 {Intending Ra8+ and mate.} Qc5 28. Kh2 $2 {[%mdl 8192] [#]} (28. Rc6 $1 $15 Qa7 29. Rxc4 (29. Kh2 $2 Ne5 $19)) 28... Re8 $2 (28... Ne5 $1 $19 {[%cal Re5f3][%mdl 512]} 29. Ra8+ Kg7) 29. Rc6 $11 Qf2 30. Rxc4 Ne1 31. Rc8 Rxc8 {The board is on fire.} 32. Qxc8+ Kg7 33. Qc3+ f6 34. b4 h5 35. b5 Kh6 36. f5 {And now fxg6 would win.} h4 37. fxg6 Qg3+ 38. Kg1 Nxg2 39. Qd2+ Nf4+ 40. Bg2 Kxg6 41. Kf1 Kg5 {White must now prevent ...Qb3.} (41... Kf5 $5 {[%cal Rg3b3]} 42. Qf2 Qd3+ 43. Kg1 Qxb5 44. Qxh4 (44. Qf3 $2 Qb6+ 45. Kh1 Qb1+ 46. Bf1 Qe4 $19) 44... Qb1+ 45. Kh2 Ke5 $15) 42. Qb2 {[%mdl 8192] To avoid Qb3} (42. Kg1 $11 {and White is okay.}) 42... Qe3 $19 {( -> ...Nd3)} 43. b6 (43. Qf2 $19 Qc1+ 44. Qe1) 43... Nd3 {Weighted Error Value: White=0.67/Black=0.31} 0-1

[Event "WALTON 40th BAN-ch U20 Open 2022"]
[Site "Dhaka"]
[Date "2022.02.20"]
[Round "6.3"]
[White "Justin Matthias Baroi"]
[Black "Noshin, Anjum"]
[Result "0-1"]
[WhiteElo "1575"]
[BlackElo "2017"]
[Annotator "NA RC"]
[PlyCount "86"]
[EventDate "2022.02.15"]
[EventType "swiss"]
[EventCountry "BAN"]
[SourceTitle "playchess.com"]
[Source "ChessBase"]
[SourceQuality "1"]
[TimeControl "5400+30"]

{[%evp 8,75,-28,-45,-32,-31,-24,-81,-92,-112,-101,32767,32767,-110,-68,-161,-102,-156,-101,-128,-107,-114,-121,-120,-115,-125,-133,-132,-77,-70,-76,-73,-64,-116,-114,-93,-56,32767,32767,32767,32767,32767,-195,-213,-210,32767,-200,-215,-228,32767,32767,32767,32767,32767,32767,32767,32767,32767,-288,32767,32767,-331,-314,32767,32767,32767,32767,32767,32767,-539]} 1. d4 {[%emt 0:00:10]} d5 {[%emt 0:01:38]} 2. Nc3 {[%emt 0:00:35]} Nf6 {[%emt 0:00:12]} 3. Bf4 {[%emt 0:00:22]} e6 {[%emt 0:00:08]} 4. e3 {[%emt 0:00:43]} Bb4 {[%emt 0:00:32]} 5. Bd3 {[%emt 0:00:29]} c5 {[%emt 0:00:40]} 6. dxc5 {[%emt 0:02:12]} Nbd7 {[%emt 0:03:06]} 7. a3 {[%emt 0:06:11]} (7. Nge2 $11) 7... Bxc3+ {[%emt 0:01:14]} 8. bxc3 {[%emt 0:00:01]} e5 {[%emt 0:02:53]} 9. Bg3 {[%emt 0:07:51]} Qa5 {[%emt 0:00:23]} 10. Qd2 {[%emt 0:04:15] [#]} ({Don't go for} 10. Ne2 $2 e4 11. O-O (11. c6 $2 bxc6 12. O-O O-O $19) 11... exd3 12. cxd3 Nxc5 $19) 10... Qxc5 {[%emt 0:04:25]} ({Better is} 10... h5 $1 $17 {[%cal Rh5h4]} 11. h4 O-O) 11. Nh3 {[%emt 0:14:25]} (11. f4 $17) 11... O-O {[%emt 0:03:26]} 12. O-O {[%emt 0:03:17]} (12. f4 $142) 12... Re8 {[%emt 0:06:30]} 13. f3 {[%emt 0:06:59]} Nb6 {[%emt 0:06:27]} 14. Nf2 {[%emt 0:04:55]} e4 {[%emt 0:14:05]} 15. fxe4 {[%emt 0:02:32]} dxe4 {[%emt 0:00:39]} 16. Be2 {[%emt 0:00:24]} Be6 {[%emt 0:03:53]} 17. Qd4 {[%emt 0:04:24] [#]} Rac8 {[%emt 0:02:17]} (17... Qxd4 $142 $1 18. cxd4 Bc4) 18. Be5 {[%emt 0:06:27]} Bc4 {[%emt 0:04:44]} 19. Bxf6 {[%emt 0:09:44]} Bxe2 {[%emt 0:01:27]} 20. Rfe1 {[%emt 0:00:33]} gxf6 {[%emt 0:13:06]} 21. Rxe2 {[%emt 0:02:01] [#]} Qxc3 {[%emt 0:29:15]} (21... f5 $1 $17 22. Qxc5 Rxc5) 22. Rd1 {[%emt 0:04:06]} Qxd4 {[%emt 0:00:00]} 23. exd4 {[%emt 0:02:50]} f5 {[%emt 0:00:00]} 24. Nh3 {[%emt 0:00:47]} Nc4 {[%emt 0:00:00]} 25. a4 {[%emt 0:07:29]} Nd6 {[%emt 0:00:00]} 26. Nf4 {[%emt 0:00:43]} Rc4 {[%emt 0:00:00]} 27. Nd5 {[%emt 0:01:51]} Kg7 {[%emt 0:00:00]} ({Weaker is} 27... Rxa4 28. Nf6+ Kf8 29. Nxe8 Kxe8 30. Re3 $15) 28. a5 {[%emt 0:02:47]} Ra4 {[%emt 0:00:00]} 29. Re3 {[%emt 0:00:25]} Re6 {[%emt 0:00:00]} 30. Nf4 {[%emt 0:01:04]} Re8 {[%emt 0:00:00]} 31. Rg3+ {[%emt 0:01:02]} Kf8 {[%emt 0:00:00]} 32. Nh5 {[%emt 0:02:49]} Rc8 {[%emt 0:00:00]} ({Don't blunder} 32... Rxa5 $2 33. Rc3 $19) 33. c3 {[%emt 0:01:01]} Rac4 {[%emt 0:00:00]} 34. Nf6 {[%emt 0:00:40]} Rxc3 {[%emt 0:00:00]} 35. Rxc3 {[%emt 0:00:48]} Rxc3 {[%emt 0:00:00]} 36. Nd7+ {[%emt 0:00:29]} Ke7 {[%emt 0:00:00]} 37. Nc5 {[%emt 0:00:08]} Ra3 {[%emt 0:00:00]} 38. Rc1 $19 {[%emt 0:01:00]} Rxa5 {[%emt 0:00:00]} 39. Nxb7 {[%emt 0:00:15]} Nxb7 {[%emt 0:00:00]} 40. Rc7+ {[%emt 0:00:11]} Ke6 {[%emt 0:00:00]} 41. Rxb7 {[%emt 0:00:08]} e3 {[%emt 0:00:00]} 42. Rb1 {[%emt 0:00:20]} Kd5 {[%emt 0:00:00]} 43. Kf1 {[%emt 0:00:24]} Kxd4 {[%emt 0:00:00]} 0-1

[Event "WALTON 40th BAN-ch U20 Open 2022"]
[Site "Dhaka"]
[Date "2022.02.20"]
[Round "6.4"]
[White "Kazi Afsan Rawnak, Anan"]
[Black "Swarnavo Choudhury"]
[Result "0-1"]
[WhiteElo "1524"]
[BlackElo "1945"]
[Annotator "NA RC"]
[PlyCount "70"]
[EventDate "2022.02.15"]
[EventType "swiss"]
[EventCountry "BAN"]
[SourceTitle "playchess.com"]
[Source "ChessBase"]
[SourceQuality "1"]
[TimeControl "5400+30"]

{[%evp 8,48,33,14,13,20,27,31,32767,32767,32767,-36,30,-20,-32,-37,-57,-20,-52,-69,32767,-54,32767,-50,-43,32767,-58,-62,-49,32767,-56,-92,-84,-85,-79,32767,32767,32767,-71,-75,32767,32767,-75]} 1. e4 {[%emt 0:00:27]} e6 {[%emt 0:00:20]} 2. d4 {[%emt 0:00:34]} d5 {[%emt 0:00:06]} 3. Nd2 {[%emt 0:00:44]} c5 {[%emt 0:00:25]} 4. Ngf3 {[%emt 0:00:24]} Nc6 {[%emt 0:02:07]} 5. c3 {[%emt 0:03:29]} Nf6 {[%emt 0:03:01]} 6. e5 {[%emt 0:02:55]} Ne4 {[%emt 0:04:04]} 7. Bd3 {[%emt 0:02:43]} Nxd2 {[%emt 0:05:33]} 8. Bxd2 {[%emt 0:05:06]} Qb6 {[%emt 0:01:21]} 9. Qb3 {[%emt 0:03:56]} ({White should play} 9. dxc5 $11 Qxb2 10. O-O) 9... Bd7 {[%emt 0:13:49]} (9... Qxb3 $142 10. axb3 cxd4) 10. Be3 {[%emt 0:04:32]} (10. dxc5 $142 Bxc5 11. O-O) 10... c4 {[%emt 0:10:36]} 11. Qxb6 {[%emt 0:01:07]} axb6 {[%emt 0:00:01]} 12. Bc2 {[%emt 0:01:50]} b5 $1 {[%emt 0:06:33]} 13. b4 {[%emt 0:05:07]} (13. a3 $142) 13... cxb3 {[%emt 0:11:01]} 14. Bxb3 {[%emt 0:00:21]} b4 {[%emt 0:01:14]} 15. Bd2 {[%emt 0:08:37]} Na5 {[%emt 0:00:47]} 16. O-O {[%emt 0:01:56]} bxc3 {[%emt 0:02:16]} 17. Bxc3 {[%emt 0:00:28]} Ba3 {[%emt 0:03:35]} 18. Rab1 {[%emt 0:05:41]} O-O {[%emt 0:03:45]} 19. Bb2 {[%emt 0:14:57]} Be7 {[%emt 0:09:18]} 20. Rfc1 {[%emt 0:05:37]} Rfc8 {[%emt 0:03:09]} 21. Rxc8+ {[%emt 0:07:52]} Rxc8 {[%emt 0:00:22]} 22. Rc1 {[%emt 0:00:27]} Nc4 {[%emt 0:02:07]} 23. Ba1 {[%emt 0:09:11]} h6 {[%emt 0:04:54]} 24. Rc2 {[%emt 0:03:10]} Bb4 $17 {[%emt 0:01:52]} 25. Bc3 {[%emt 0:02:06]} Na3 {[%emt 0:00:58]} 26. Bxb4 {[%emt 0:01:26]} Nxc2 {[%emt 0:00:08]} 27. Bc5 {[%emt 0:00:24]} Nxd4 {[%emt 0:00:43]} 28. Nxd4 {[%emt 0:00:46]} Rxc5 {[%emt 0:00:03]} 29. Kf1 {[%emt 0:00:27]} f6 {[%emt 0:00:21]} 30. f4 {[%emt 0:09:10]} Kf7 {[%emt 0:00:43]} 31. Ke2 {[%emt 0:00:00]} Bb5+ {[%emt 0:00:58]} 32. Kd2 {[%emt 0:00:00]} Bc4 {[%emt 0:00:20]} 33. f5 {[%emt 0:00:00]} Bxb3 {[%emt 0:02:14]} 34. axb3 {[%emt 0:00:00]} fxe5 {[%emt 0:00:50]} 35. fxe6+ {[%emt 0:00:00]} Kf6 {[%emt 0:00:52]} 0-1

[Event "WALTON 40th BAN-ch U20 Open 2022"]
[Site "Dhaka"]
[Date "2022.02.20"]
[Round "6.5"]
[White "Dibya, Das Gupta"]
[Black "Tahmidul, Haque"]
[Result "1-0"]
[WhiteElo "1923"]
[BlackElo "1756"]
[Annotator "TA"]
[PlyCount "121"]
[EventDate "2022.02.15"]
[EventType "swiss"]
[EventCountry "BAN"]
[SourceTitle "playchess.com"]
[Source "ChessBase"]
[SourceQuality "1"]

{[%evp 12,120,63,59,97,62,56,58,79,45,63,18,17,28,24,10,30,-4,-4,-6,0,-36,11,0,50,-16,-18,-14,29,41,62,58,52,38,59,62,54,60,66,65,62,49,245,253,248,254,262,256,258,241,247,258,286,281,285,286,353,352,342,325,353,320,316,258,295,257,322,316,299,181,181,175,181,174,249,257,249,244,227,205,270,204,272,273,343,301,293,276,297,323,425,425,455,315,425,269,268,269,354,264,377,377,487,468,29965,538,671,672,671,660,29999]} 1. Nf3 c5 2. g3 d5 3. Bg2 Nc6 4. d4 Nf6 5. O-O Bf5 6. c4 e6 7. Nc3 h6 {D02: 1 d4 d5 2 Nf3 sidelines, including 2...Nf6 3 g3 and 2...Nf6 3 Bf4.} 8. cxd5 exd5 9. Bf4 Be7 {[#] White is slightly better.} 10. Qb3 $146 (10. dxc5 {looks sharper.} Bxc5 11. Ne5 O-O 12. Nxd5 Nxd5 13. Bxd5 Nxe5 14. Bxe5 Qd7 15. Rc1) ({Predecessor:} 10. dxc5 Bxc5 11. Ne5 O-O 12. Nxd5 Nxd5 13. Bxd5 Qf6 14. Bxc6 bxc6 15. Rc1 Bb6 16. Rxc6 {½-½ (35) Barbalic,Z (1894)-Hulsman,E (1765) ICCF email 2020}) 10... Qb6 11. Qxb6 (11. Nxd5 $14 {is more appropriate.} Nxd5 12. Qxd5) 11... axb6 $11 12. Rfd1 O-O 13. a3 Rfe8 14. Kf1 Na5 15. Nd2 {Prevents Nb3.} cxd4 {[%cal Bc5d4,Bd4d3][%mdl 32]} 16. Nb5 g5 (16... d3 $15 17. Nc7 dxe2+ 18. Kxe2 Bxa3+ 19. Kf1 Bxb2) 17. Be5 {[%mdl 1024] White has compensation.} Bc2 (17... d3 $11 18. e3 Red8) 18. Rdc1 ({White should play} 18. Nc7 $14) 18... d3 {White should prevent ...Nc6.} 19. Nc7 {[%csl LRa8,LRd5,LRe8]} Ng4 (19... Nc6 $142 $1 20. Nxa8 (20. Nxe8 Rxe8 21. Bxf6 Bxf6 $15) 20... Nxe5) 20. Bd4 Nc6 21. e3 {[%cal Be2e3,Be3d4][%mdl 32]} Nxd4 22. exd4 {And now Re1 would win.} Bf6 {[%cal Oe8e2]} 23. Nf3 $1 {[%cal Bd2f3,Bf3e1,Be1c2,Bc2b4][%mdl 32] Black must now prevent h3.} (23. Nxe8 Rxe8 24. Re1 (24. Bxd5 Re2 $17) 24... Rxe1+ 25. Rxe1 Nxh2+ 26. Kg1 Ng4 $11) (23. Nxa8 Bxd4 24. Nf3 (24. Bxd5 Rxa8 25. Rxc2 dxc2 $17) (24. Nc7 $2 Re2 $19) 24... Bxb2 $15) (23. Bxd5 $2 {[#]} Re2 $1 24. Ne4 Ra5 $19) 23... h5 24. Nxa8 Rxa8 25. h3 Nh6 26. Ne1 $1 {[%csl LRc2,LRd5]} Bxd4 $2 {Black cannot hold the game after this.} ({Black should try} 26... Rc8 $14) 27. Nxc2 $18 Bxb2 28. Nb4 Bxc1 29. Rxc1 Rxa3 30. Rd1 (30. Nxd5 Nf5 31. Rd1 (31. Nxb6 h4 $18) 31... Nd6 32. Nxb6 Kg7 $18) 30... Nf5 31. Nxd3 h4 32. g4 (32. Bxd5 $6 hxg3 33. Ne5 (33. Bxb7 Kg7 $16) 33... Kg7 $16) 32... Ne7 33. Nb4 Kg7 34. Nxd5 Ng6 35. Rb1 {Prevents Rb3.} (35. Nxb6 Nf4 36. Rb1 (36. Bxb7 Rb3 $14) 36... Nxh3 37. Bxh3 (37. Bxb7 Ra2 $16) (37. Nd5 Ra5 $18) 37... Rxh3 $18) 35... Ne5 36. Ne3 ({Don't take} 36. Nxb6 Nd3 37. Nc4 Ra4 $18) (36. Rxb6 Ra1+ 37. Ke2 Ra2+ 38. Kd1 Rxf2 $18) 36... Nd3 37. Rd1 ({Resist} 37. Bxb7 Nf4 38. Bg2 Kf8) 37... b5 38. Bxb7 b4 39. Be4 Nf4 40. Bg2 b3 41. Rb1 b2 42. Be4 Rc3 (42... Ra4 {might work better.}) 43. Bc2 Nxh3 44. Rxb2 Nf4 45. Kg1 Kf6 46. Rb4 {[%cal Ob4f4] [#] Strongly threatening Rxf4+!} Ke5 47. Rb5+ Ke6 48. Kh2 f6 49. Rb6+ Ke5 50. Bf5 Rc1 51. Ng2 Nd5 52. Re6+ Kd4 53. Re4+ Kc5 54. Re8 {Rc8+ is the strong threat.} Kd4 55. Be6 {aiming for Rd8.} Nb4 (55... Rc6 $142 56. Bg8 Nb4) 56. Rd8+ Ke5 57. Bf5 {[%cal Of2f4] White threatens f4+! and mate.} Ra1 (57... Rc6 $18 58. f4+ gxf4 59. Nxh4 Rd6 60. Ng6+ Kd5 61. Nxf4+ Kc6) 58. Ne3 (58. f4+ $142 gxf4 59. Nxh4 Ra2+ 60. Kg1 Ra1+ 61. Kf2 Ra2+ 62. Kg1 Ra1+ 63. Kh2 Ra2+ 64. Kh1 Ra1+ 65. Kg2 Ra2+ 66. Kf1 Ra1+ 67. Ke2 f3+ 68. Nxf3+ Kf4 69. Rd4+ Kg3 70. Rxb4) 58... Ra2 59. Kg2 {White wants to mate with Nc4+.} h3+ 60. Kg3 {[%cal Re3c4]} h2 61. Nc4# {Weighted Error Value: White=0.30/Black=0.56} 1-0